| 000 | 00606nam a2200229 a 4500 | ||
|---|---|---|---|
| 001 | nice12345678 | ||
| 003 | IN_TiNIC | ||
| 005 | 20260116013312.0 | ||
| 008 | 050524s2000 newa grp 000 0 eng | ||
| 020 |
_a8174352325 _c100 |
||
| 082 | 0 | 0 |
_a297.211 _bHAS |
| 100 | _aHasan Al Anna, Shaikh | ||
| 245 | _aConcept of Allah in the Islamic Creed. | ||
| 260 |
_aNew Delhi _bAdam Publisher and Distributer _c2000 |
||
| 300 | _a165p | ||
| 500 | _aincludes index and biblioraphy | ||
| 505 | 2 | _aGeneral Index | |
| 700 | 1 | _aHasan Al Anna, Shaikh | |
| 902 | _bSRS | ||
| 942 | _cBK | ||
| 999 |
_c10481 _d10481 |
||